Where is That TV Show Set? - Statistics

General Stats
  • This quiz has been taken 52 times
  • The average score is 11 of 28
Answer Stats
Show(s) Place % Correct
Seinfeld | Bored to Death New York City
98%
The Simpsons Springfield
89%
Columbo | Curb Your Enthusiasm Los Angeles
76%
Black Books | The IT Crowd London
74%
VEEP Washington D.C.
70%
Breaking Bad | Better Call Saul Albuquerque
61%
The Wire Baltimore
61%
Family Guy Quahog
59%
Charmed San Francisco
57%
Boardwalk Empire Atlantic City
54%
The Sopranos New Jersey
50%
Shameless Manchester
41%
Futurama New New York City
41%
Money Heist Madrid
37%
Kim's Convenience Toronto
26%
King of the Hill Arlen
22%
The Bridge Copenhagen | Malmo
22%
Father Ted Craggy Island
22%
Rake | Mr. In-Between Sydney
20%
Jack Irish Melbourne
17%
Cover Story Reykjavik
11%
Inspector Rex Vienna
11%
The Hollowmen Canberra
9%
Foyles War Hastings
9%
Death in Paradise Saint Marie
9%
Arrested Development Newport Beach
7%
Always a Witch Cartagena
4%
Wallander Ystad
4%
No matching quizzes found
Score Distribution
Percent of People with Each Score
Percentile by Number Answered
Your Score History
You have not taken this quiz